|
|
|
|
| LEADER |
00000nam0a2200000 4500 |
| 001 |
376086 |
| 005 |
20231102012806.0 |
| 035 |
|
|
|a (RuTPU)RU\TPU\retro\33526
|
| 035 |
|
|
|a RU\TPU\book\304127
|
| 090 |
|
|
|a 376086
|
| 100 |
|
|
|a 20221221d1986 m y0rusy50 ca
|
| 101 |
0 |
|
|a rus
|
| 102 |
|
|
|a RU
|
| 105 |
|
|
|a y j 001zy
|
| 200 |
1 |
|
|a Применение стандартизованной терминологии по каталогизации
|e методические рекомендации
|f Государственная библиотека СССР им. В.И. Ленина ; под ред. Т. А. Бахтуриной
|
| 205 |
|
|
|a 2-е изд., доп.
|
| 210 |
|
|
|a Москва
|d 1986
|
| 215 |
|
|
|a 63 с.
|
| 320 |
|
|
|a Список использованных стандартов: с. 55-56
|
| 606 |
1 |
|
|a Библиотечные каталоги
|2 stltpush
|3 (RuTPU)RU\TPU\subj\28621
|9 52137
|
| 610 |
1 |
|
|a библиотечное дело
|
| 610 |
1 |
|
|a каталогизация
|
| 610 |
1 |
|
|a стандартизация
|
| 610 |
1 |
|
|a справочно-библиографический аппарат
|
| 610 |
1 |
|
|a библиотечно-библиографические процессы
|
| 610 |
1 |
|
|a систематизация
|
| 610 |
1 |
|
|a предметизация
|
| 610 |
1 |
|
|a библиографическое описание
|
| 610 |
1 |
|
|a методические рекомендации
|
| 686 |
|
|
|a Ч736.2я7
|v LBC/SL-A
|2 rubbk
|
| 702 |
|
1 |
|a Бахтурина
|b Т. А.
|4 340
|
| 712 |
0 |
2 |
|a Государственная библиотека СССР им. В.И. Ленина
|2 stltpush
|3 (RuTPU)RU\TPU\col\6015
|9 24199
|
| 801 |
|
1 |
|a RU
|b 63413507
|c 20150113
|
| 801 |
|
2 |
|a RU
|b 63413507
|c 20221221
|g RCR
|
| 942 |
|
|
|c BK
|